Biblioteca

Los profetas de Israel y su mensaje : Antología de textos / José L. Sicre (Registro nro. 35096)

Detalles MARC
000 -LÍDER
Campo fijo de descripción fija 004530000a22001690004500
020 ## - NÚMERO INTERNACIONAL NORMALIZADO PARA LIBROS
Número Internacional Normalizado del libro 84-7057-394-2
041 0# - CÓDIGO DE IDIOMA
Código de idioma para texto/pista de sonido o título separado
082 04 - NÚMERO DE CLASIFICACIÓN DECIMAL DEWEY
Número de clasificación G 224.06 S567p
001 - NÚMERO DE CONTROL
Campo de control 4506
100 1# - ASIENTO PRINCIPAL--NOMBRE PERSONAL
Nombre personal Sicre Díaz, José Luis (1940-)
245 10 - TÍTULO
Título del Material Los profetas de Israel y su mensaje : Antología de textos / José L. Sicre
260 ## - PUBLICACIÓN, DISTRIBUCIÓN, ETC. (PIE DE IMPRENTA)
Lugar de publicación, distribución, etc. Madrid, España : Cristiandad
300 ## - DESCRIPCIÓN FÍSICA
Extensión 253 Pag
650 14 - ASIENTO SECUNDARIO DE MATERIA - TERMINO TEMÁTICO
Término temático o nombre geográfico como elemento de entrada PROFETAS
942 ## - TIPO DE MATERIAL (KOHA)
Tipo de Item KOHA Libros General
Existencias
Estado de Material Estado de Perdido Forma de Clasificación Estado de Dañado No para Préstamo Colección Tomo Biblioteca de Origen Biblioteca Permanente Fecha de Adquisición Total de Préstamos Total de Renovaciones Signatura Topográfica Código de Barras Última vez visto Última vez Préstado Ejemplar/Existencia Fecha de Remplazo Tipo de Material
    Dewey Decimal Classification     Colección General   Biblioteca FUSBC Biblioteca FUSBC 07/12/2004 20 1 G 224.06 S567p 3631 12/11/2024 24/08/2022 1 26/01/2016 Libros General

Biblioteca FUSBC | Teléfono: (57+4) 349 88 10 Ext. 141| WhatsApp (+57) 3005338115 
E-mail: biblioteca@unisbc.edu.co | Calle 76 87-14 Robledo Palenque, Medellín, Colombia

Con tecnología Koha